000 00811cam a2200229 a 4500
001 15370507
005 20250225125000.0
008 080717s2008 cou 000 0deng
020 _a9781400074457 (pbk.)
050 0 0 _aBV838
_b.S37 2008
082 0 0 _a248.8/44
_222
100 1 _aScruggs, Cheryl.
245 1 0 _aI do again :
_bhow we found a second chance at our marriage-- and you can too /
_cCheryl & Jeff Scruggs.
250 _a1st ed.
260 _aColorado Springs, Colo. :
_bWaterbrook Press,
_c2008.
300 _axiii, 193 p. ;
_c23 cm.
650 0 _aRemarriage
_xReligious aspects
_xChristianity.
650 0 _aMarriage
_xReligious aspects
_xChristianity.
700 1 _aScruggs, Jeff.
856 4 1 _3Table of contents only
_uhttp://www.loc.gov/catdir/toc/ecip0824/2008031709.html
942 _2lcc
_cBK
_n0
999 _c4316
_d4316